00539nai a2200157Ia 4500003000900000008004100009022002200050022002300072040001600095245003800111260005100149310001400200362002600214521006900240856007200309IN-BaIIA211028c9999 xx s 000 0 eng d a0029-599X (Print) a0945-3245 (Online) cIIA Library 0aNumerische Mathematikh[eJournal] aHeidelber, GermanybSpringer Berlin Heidelberg aQuarterly a75(3); 1997 - Present bSubscribed through National Knowledge Resource Consortium (NKRC) uhttps://www.springer.com/journal/211yClick Here to Access eJournal